000 00702nam a22002057a 4500
999 _c64192
_d64192
005 20260430164736.0
008 260430s2003 fr ||||| |||| 00| 0 fre d
020 _a9782717842739x
041 _afre
080 _a336.71 : 005.334 S-61
100 _aSimon, Yves
_927400
245 _aFinance internationale et gestion des risques
_c Yves Simon, Delphine Lautier.
250 _aFrench Edition
264 _aParis,
_c2003.
300 _a384 p.;
_b24 cm.
653 _aსაერთაშორისო ფინანსები და რისკები
653 _aეკონომიკა
700 _aLautier, Delphine
_eავტორი
_927401
942 _2udc
_cᲬᲘᲒᲜᲘ